Ensalada rusa (Record no. 156172)

MARC details
000 -LEADER
campo de control de longitud fija 00928nam a22002055i 4500
001 - NÚMERO DE CONTROL
campo de control 156172
003 - IDENTIFICADOR DE NÚMERO DE CONTROL
campo de control ES-MaACL
005 - FECHA Y HORA DE LA ÚLTIMA TRANSACCIÓN
campo de control 20230906210334.0
008 - DATOS DE LONGITUD FIJA--INFORMACIÓN GENERAL
campo de control de longitud fija 020423s1896 sp |||| | spa d
040 ## - FUENTE DE CATALOGACIÓN
Centro catalogador/agencia de origen CAM
Lengua de catalogación spa
Centro/agencia transcriptor CAM
100 1# - ENTRADA PRINCIPAL--NOMBRE DE PERSONA
Nombre de persona Jackson Veyán, José.
9 (RLIN) 65824
245 10 - MENCIÓN DEL TÍTULO
Título Ensalada rusa
Resto del título : desfile cómico-lírico en un acto y dos cuadros /
Mención de responsabilidad, etc. libro de José Jackson Veyán; música de los maestros Rubio y Estellés.
260 ## - PUBLICACIÓN, DISTRIBUCIÓN, ETC.
Lugar de publicación, distribución, etc. Madrid :
Nombre del editor, distribuidor, etc. [s.n.],
Fecha de publicación, distribución, etc. 1896 (
Fabricante R. Velasco)
300 ## - DESCRIPCIÓN FÍSICA
Extensión 40 p. ;
Dimensiones 20 cm.
500 #1 - NOTA GENERAL
Nota general Representada en el teatro Romea, el 21 de octubre de 1896.
596 #1 - NOTA AL PIE DE IMPRENTA
NOTA AL PIE DE IMPRENTA En verso de antep. consta: "... de las Galerías Biblioteca lírico-dramática y Teatro cómico, de Arregui y Aruej ..."
700 11 - ENTRADA AGREGADA--NOMBRE PERSONAL
Nombre de persona Rubio, Angel,
Término indicativo de función/relación
9 (RLIN) 100337
700 11 - ENTRADA AGREGADA--NOMBRE PERSONAL
Nombre de persona Estellés, Ramón,
Término indicativo de función/relación
9 (RLIN) 126973
852 ## - LOCALIZACIÓN
Ubicación ES-MaACL
Número de control de estantería F-4091(15)
Nota libre -- Enc. hol.
condición física -- Falto de la cub. original
Nota libre -- Enc. en un vol. facticio
Holdings
Estatus retirado Estado de pérdida Estado de daño No para préstamo Colección Biblioteca de origen Biblioteca actual Ubicación en estantería Fecha de adquisición Fuente de adquisición Total de préstamos Signatura topográfica completa Código de barras Visto por última vez Precio de reemplazo Tipo de ítem Koha
        Libros del s. XIX Biblioteca del Ateneo de Madrid Biblioteca del Ateneo de Madrid Depósito 2 17/01/2008     F-4091(15) 1163384 23/02/2023 23/02/2023 Libro impreso antiguo